[Event "ZI-2012-0-01258"]
[Site "LSS email"]
[Date "2012.03.05"]
[Round "?"]
[White "Brichuk, Viktor"]
[Black "Zhdanenia, Konstantin A"]
[Result "0-1"]
[WhiteElo "1800"]
[BlackElo "1870"]
[PlyCount "24"]
[EventDate "2012.02.25"]
[EventType "match (corr)"]
[EventRounds "2"]
[EventCountry "GER"]
[SourceTitle "Corr 2015"]
[Source "ChessBase"]
[SourceDate "2015.07.17"]
[SourceVersion "1"]
[SourceVersionDate "2015.07.17"]
[SourceQuality "1"]

1. c4 a6 2. Nc3 b5 3. cxb5 axb5 4. Nxb5 Ba6 5. e4 e6 6. Nf3 Nf6 7. Qc2 Nc6 8. a3 Qb8 9. a4 Nb4 10. Qd1 c6 11. Nc3 Bd3 12. Bxd3 Nxd3+ 0-1

[Event "RB-2012-0-00169"]
[Site "LSS email"]
[Date "2012.02.20"]
[Round "?"]
[White "Brichuk, Viktor"]
[Black "Krakovsky, Peter"]
[Result "0-1"]
[WhiteElo "1800"]
[BlackElo "1932"]
[PlyCount "32"]
[EventDate "2012.01.27"]
[EventType "tourn (corr)"]
[EventRounds "6"]
[EventCountry "GER"]
[SourceTitle "Corr 2015"]
[Source "ChessBase"]
[SourceDate "2015.07.17"]
[SourceVersion "1"]
[SourceVersionDate "2015.07.17"]
[SourceQuality "1"]

1. c4 e5 2. Nc3 Nf6 3. Nf3 Nc6 4. g3 d5 5. cxd5 Nxd5 6. Bg2 Nb6 7. 0-0 Be7 8. a3 0-0 9. d3 Be6 10. b4 a5 11. b5 Nd4 12. Nxe5 Bf6 13. f4 Nb3 14. Rb1 Bxe5 15. fxe5 Qd4+ 16. e3 Qxc3 0-1

[Event "OP-2012-0-02068"]
[Site "LSS email"]
[Date "2012.02.16"]
[Round "?"]
[White "Brichuk, Viktor"]
[Black "Lewis, Jerome A"]
[Result "1-0"]
[WhiteElo "1800"]
[BlackElo "998"]
[PlyCount "57"]
[EventDate "2012.02.13"]
[EventType "tourn (corr)"]
[EventRounds "4"]
[EventCountry "GER"]
[SourceTitle "Corr 2015"]
[Source "ChessBase"]
[SourceDate "2015.07.17"]
[SourceVersion "1"]
[SourceVersionDate "2015.07.17"]
[SourceQuality "1"]

1. c4 Nf6 2. Nc3 e6 3. e4 Nc6 4. d4 Bb4 5. f3 d6 6. Be3 e5 7. d5 Ne7 8. Qc2 0-0 9. g4 Ng6 10. Nge2 Nh4 11. 0-0-0 Nxf3 12. h3 h6 13. Qd3 Ng5 14. Kb1 b5 15. cxb5 a6 16. h4 Ngh7 17. g5 Ng4 18. gxh6 gxh6 19. Bh3 h5 20. Ng3 Qxh4 21. Bxg4 Qxg4 22. Rdg1 Qf3 23. Nxh5+ Kh8 24. Rf1 Qxh1 25. Rxh1 f5 26. Bh6 Rf7 27. Qg3 f4 28. Qg6 Rd7 29. Qe8+ 1-0

[Event "OP-2012-0-02068"]
[Site "LSS email"]
[Date "2012.02.16"]
[Round "?"]
[White "Ermolaev, Maksim Andreevich"]
[Black "Brichuk, Viktor"]
[Result "1-0"]
[WhiteElo "1971"]
[BlackElo "1800"]
[PlyCount "49"]
[EventDate "2012.02.13"]
[EventType "tourn (corr)"]
[EventRounds "4"]
[EventCountry "GER"]
[SourceTitle "Corr 2015"]
[Source "ChessBase"]
[SourceDate "2015.07.17"]
[SourceVersion "1"]
[SourceVersionDate "2015.07.17"]
[SourceQuality "1"]

1. e4 Nf6 2. e5 Nd5 3. d4 d6 4. c4 Nb6 5. exd6 exd6 6. Nc3 Be7 7. Bd3 Nc6 8. Nge2 Bf6 9. Be3 0-0 10. b3 Bg4 11. Qd2 Re8 12. 0-0 d5 13. c5 Nc8 14. h3 Bh5 15. Nf4 Bg6 16. Nfxd5 Bxd4 17. Bxd4 Bxd3 18. Qxd3 Nxd4 19. Qxd4 c6 20. Rfe1 cxd5 21. Rxe8+ Qxe8 22. Nxd5 Qf8 23. Re1 a6 24. Nc7 Na7 25. Nxa8 1-0